| 000 | 00489nam a2200133 a 4500 | ||
|---|---|---|---|
| 008 | 120416s1965 ||||||||||||||||| || u | ||
| 050 | _aTA 403 Kem | ||
| 100 | _aKempster, M. H. A | ||
| 245 | 1 | 0 | _aIntroduction to engineering materials |
| 260 |
_aLondon _bThe English University Press _c1965 |
||
| 300 | _axii, 116p. : ill. | ||
| 350 | _a0.00 | ||
| 995 |
_D0.00 _FCBU-MAIN LIBRARY (Kitwe) _H1 _I0.60 _M1 _UDAMAGED _ZMain Library Open Access Collection |
||
| 999 |
_c47727 _d47727 |
||